| 000 | 00458nam a22001577a 4500 | ||
|---|---|---|---|
| 008 | 191114b xxu||||| |||| 00| 0 eng d | ||
| 020 | _a9780198807797 | ||
| 050 |
_aHF 5636 _bSFU2630 |
||
| 100 | _aScott, Peter | ||
| 245 |
_aAccounting for business _cPeter Scott.-- |
||
| 250 | _a3rd edition | ||
| 260 |
_aOxford : _bOxford University Press _c2019 |
||
| 300 |
_axxi, 564 pages: _bcolored illustration _c25 cm. |
||
| 690 | _aAccounting. | ||
| 942 |
_2lcc _cBK |
||
| 999 |
_c362700 _d362700 |
||